| 000 | 01182nab a2200217 i 4500 | ||
|---|---|---|---|
| 001 | BPP | ||
| 003 | BPK | ||
| 005 | 20160604115517.0 | ||
| 008 | 160112s1976 pl n f |000 0pol | ||
| 040 | _cBPK | ||
| 080 | _a796.012 | ||
| 100 |
_aWOJCIECHOWSKI, Leszek. _d1968 - 1996. _bWyższa Szkoła Inżynierska w Koszalinie - Studium Wychowania Fizycznego i Sportu |
||
| 245 |
_aKształtowanie się podstawowych cech rozwoju fizycznego studentów Wyższej Szkoły Inżynierskiej w aspekcie wydziałów w latach 1968 - 1973 / _cLeszek Wojciechowski. |
||
| 260 | _c1976. | ||
| 500 | _aDane z autopsji. | ||
| 520 | _aW opracowaniu opisano jak kształtuje rozwój fizyczny u studentów rozpoczynających studia na Wydziałach Budownictwa Lądowego i Mechanicznego. Ogółem zbadano 737 studentów. Zebrany materiał opracowano metodą statystyczną, obliczając średnią arytmetyczną i ich uzupełnienia. | ||
| 650 | 0 | _aMłodzież - rozwój fizyczny. | |
| 650 | 0 | _aStudenci. | |
| 773 |
_iW : _tZeszyty Naukowe Wyższej Szkoły Inżynierskiej w Koszalinie. Prace Studiów Wychowania Fizycznego i Sportu Uczelni Technicznych. - _g1976, nr 4, s. 177-181 |
||
| 942 | _cART | ||
| 999 |
_c5181 _d5181 |
||